| 000 | 00829nas a2200265 4500 | ||
|---|---|---|---|
| 001 | BR8304148 | ||
| 003 | BR-BrBNA | ||
| 005 | 20231205085644.0 | ||
| 007 | ta | ||
| 008 | 230509b bl.|||p| |||| 00| 00por d | ||
| 040 |
_aBR-BrBNA _bpor _cBiblioteca Nacional de Agricultura |
||
| 041 | _a(Pt) | ||
| 072 | _aL74 | ||
| 100 | 1 | _aBasile, J.R. | |
| 100 | 1 | _aMinardi, I. | |
| 100 | 1 | _aDiniz, J.M.F. | |
| 100 | 1 | _aBaroni, J.M. | |
| 245 | 1 | _aIntoxicacao experimental em bovinos por Dicksonia sellowiana (Presl.)Hook, com resultado negativo [planta toxica] | |
| 650 | _aBOVINO | ||
| 650 | _aINTOXICACAO ANIMAL | ||
| 650 | _aPLANTA TOXICA | ||
| 773 | 0 |
_tRevista do Setor de Ciencias Agrarias (Brazil) _xISSN 0100-607X _g(1983), v. 5(1-2) p. 55-58 _wBR8304148 |
|
| 909 |
_a202311 _bLúcia _c55 _dLúcia Elande |
||
| 942 |
_2AGRIS _n0 _cANA |
||
| 999 |
_c112832 _d112832 |
||